000 00588nam a2200181 i 4500
001 150337
003 ES-MaACL
005 20230906203453.0
007 t|
008 071030q19001950sp ||||1| spa d
100 1 _aVallés, M. F.
_9112881
245 1 0 _aErrores en los libros de matemáticas
_b: estudios filosóficos sobre la ciencia del cálculo /
_cM. F. Vallés ; traducción Eduardo Benot.
250 _a2ª ed.
260 _aMadrid :
_bMariano Núñez Samper,
_c[19-?]
300 _a407 p. :
_bil. ;
_c24 cm.
700 1 _aBenot, Eduardo.
_927763
852 _aES-MaACL
_jF-5667
999 _c150337
_d150337